00607nam a2200193 a 450000100060000000300090000600800410001502000150005604000280007108200100009910000220010924500220013126000500015330000070020365000290021094200120023999900170025195201450026813714CO-ViMGA141112s2004 ck r 000 u spa d a8482902097 aCO-ViMGAbspacCO-ViMGA04aPERg11 aPerrault, 91641010aEl gato con botas aSantafé de Bogotá : bOveja Negra, cs.f. a1514aCUENTOS INFANTILES92743 2ddccBK c24435d24435 01102ddc41708008aMEVIECARbMEVIECARd2015-12-04hVolumen. 1 | 11/jun/2009l0oPERg1 p13714r2015-12-04 00:00:00tEj. 1w2015-12-04yBK